000 00692nam a2200289Ia 4500
005 20260324120823.0
008 008 260324s9999 xx 000 0 eng d
020 _a9780203709313
037 _aEBOOK
040 _aCRL
040 _beng
040 _cCRL
041 _2eng
041 _aeng
084 _qCRL
100 _aKathryn Wolfe
_91160100
245 4 _aThe TV Presenter's Career Handbook
245 0 _bHow to Market Yourself in TV Presenting
260 _bTaylor and Francis
260 _c2014
365 _a
365 _b240
856 _uhttp://www.taylorfrancis.com/books/9780203709313
942 _cEBOOK
999 _c1751823
_d1751823